BIBLIOTHÈQUE DE LA MAISON DU MEXIQUE

Logo 1 Logo 2

Códice de Yanhuitlán (notice nᵒ 9095)

détails MARC
000 -Sello discográfico
campo de control de longitud fija 01229nam a2200409 4500
005 - Identificación de versión
campo de control 20251016085136.0
035 ## - Otros números de control del sistema
Número de control del sistema 3802
099 ## - fechas locales
Tipo de ítem Koha LIBRO
100 ## - Datos de procesamiento general
Datos de procesamiento general 20030626d1940 m y1spay5003 ba
105 ## - Campo de datos codificados: Material textual, monográfico
Datos codificados de monografía a 001zy
200 1# - Título y mención de responsabilidad
Título propio Códice de Yanhuitlán
Designación general del material texto impreso
Primer mención de responsabilidad Estudio preliminar Wigberto Jiménez Moreno, Salvador Mateos Higuera
205 ## - Declaración de edición
Declaración de edición Edición facsimilar
210 ## - Publicación, distribución, etc.
Lugar de publicación, distribución, etc. México
Nombre del editor, distribuidor, etc. Museo Nacional
Fecha de publicación, distribución, etc. 1940
215 ## - Descripción física
Designación de material específico y extensión del ítem 88 p
Otras características físicas 24 lám.
Dimensiones 39 cm
318 ## - Nota de acción
Acción No se presta a domicilio
345 ## - Nota de información de adquisición
Fuente de adquisición/dirección de la suscripción [OBSOLETO] Donación
606 ## - Término temático usado como materia
Elemento de entrada Indios de Oaxaca
Número Koha 7139
606 ## - Término temático usado como materia
Elemento de entrada Manuscritos mixtecos
Número Koha 7772
606 ## - Término temático usado como materia
Elemento de entrada Mixtecos (Indios)
Número Koha 7518
607 ## - Nombre geográfico utilizado como tema
Elemento de entrada México
Subdivisión temática Historia
Subdivisión cronológica Hasta 1810
Número Koha 6393
607 ## - Nombre geográfico utilizado como tema
Elemento de entrada Yanhuitlán, Oaxaca (México)
Subdivisión temática Historia
Número Koha 15480
660 ## - Código de área geográfica
Código MX
676 ## - Clasificación Decimal Dewey
Número F972.01 C669
702 ## - Nombre personal - Responsabilidad secundaria
Elemento de entrada Jiménez Moreno
Parte del nombre distinta del elemento de entrada Wigberto
Número Koha 766
702 ## - Nombre personal - Responsabilidad secundaria
Elemento de entrada Mateos Higuera
Parte del nombre distinta del elemento de entrada Salvador
Número Koha 15481
801 #0 - Fuente de origen
Agencia cm
900 ## -
-- 1/3587
900 ## -
-- 7100315334\260603
942 ## - ELEMENTOS DE ENTRADA SECUNDARIOS (KOHA)
Tipo de ítem Koha Livre

Pas d'exemplaire disponible.